Asesinato : (Record no. 112615)

MARC details
000 -CABECERA
campo de control de longitud fija 00650nam a2200217 a 4500
005 - FECHA Y HORA DE LA ÚLTIMA TRANSACCIÓN
campo de control 20230602063731.0
008 - ELEMENTOS DE LONGITUD FIJA--INFORMACIÓN GENERAL
campo de control de longitud fija 050628m19852000mx 000 0 spa d
020 ## - NÚMERO INTERNACIONAL NORMALIZADO PARA LIBROS
Número Internacional Estándar del Libro 9688562882
035 ## - NÚMERO DE CONTROL DEL SISTEMA
Número de control de sistema UPN01000140467
049 ## - COLECCIÓN
Colección CG
050 #4 - SIGNATURA TOPOGRÁFICA DE LA BIBLIOTECA DEL CONGRESO
Número de clasificación PQ7298.22 E5
Número de documento/Ítem A8
100 1# - ASIENTO PRINCIPAL--NOMBRE PERSONAL
Nombre de persona Leñero, Vicente,
Fechas asociadas al nombre 1933-
245 10 - MENCIÓN DE TÍTULO
Título Asesinato :
Resto del título el doble crimen de los Flores Muñoz /
Mención de responsabilidad, etc. Vicente Leñero.
260 ## - PUBLICACIÓN, DISTRIBUCIÓN, ETC.
Lugar de publicación, distribución, etc. México :
Nombre del editor, distribuidor, etc. Plaza y Valdés,
Fecha de publicación, distribución, etc. 1985 (2000 impr.).
300 ## - DESCRIPCIÓN FÍSICA
Extensión 455 p. :
Otras características físicas il.
440 #0 - MENCIÓN DE SERIE/ASIENTO SECUNDARIO--TÍTULO
Título Narrativa
650 #4 - ASIENTO SECUNDARIO DE MATERIA - TERMINO TEMATICO
Término de materia o nombre geográfico como elemento de entrada Novela mexicana
9 (RLIN) 4557
650 #4 - ASIENTO SECUNDARIO DE MATERIA - TERMINO TEMATICO
Término de materia o nombre geográfico como elemento de entrada ASESINATO EN LA LITERATURA
9 (RLIN) 2194
650 #4 - ASIENTO SECUNDARIO DE MATERIA - TERMINO TEMATICO
Término de materia o nombre geográfico como elemento de entrada PROCESOS POR ASESINATO
9 (RLIN) 2113
905 ## - TIPO DE MATERIAL
Tipo de material Libro
Holdings
Estado de retiro Estado de pérdida Fuente del sistema de clasificación o colocación Estado dañado No para préstamo Código de colección Localización permanente Ubicación/localización actual Ubicación en estantería Total de préstamos Clasificación Código de barras Fecha visto por última vez Número de copia Tipo de ítem Koha
    Library of Congress Classification     Colección General Bib. Gregorio Torres Quintero Bib. Gregorio Torres Quintero Planta baja 4 PQ7298.22 E5 A8 230992 31/12/2020 1 Libro